000 00457cam a2200145 4500500
005 20251012010430.0
041 _afre
042 _adc
100 1 0 _aJacquet, Christophe
_eauthor
245 0 0 _aDescartes : fin de partie
260 _c2007.
500 _a37
786 0 _nPhilosophie magazine | 8 | 4 | 2007-04-01 | p. 53-53 | 1951-1787
856 4 1 _uhttps://shs.cairn.info/magazine-philosophie-magazine-2007-4-page-53?lang=fr&redirect-ssocas=7080
999 _c1519180
_d1519180